000 00685nam a2200253Ia 4500
005 20250508164108.0
008 008 250505s9999 xx 000 0 eng d
020 _a0631-23615-5
037 _aReference
040 _aFEDL
_beng
_cFEDL
041 _aeng
_2eng
084 _a155.423, TIZ
_qFEDL
100 _aTizard Barbara
_9777306
245 0 _aYoung children learning
250 _a2
260 _aMalden, USA
_bBlackwell
_c2002
300 _axvi,247p.
365 _aGBP
_b12.99
490 _aUnderstanding children's Worlds
650 _aChild psychology
700 _a Hughes Martin
_9777307
942 _cREF
_h155.423, TIZ
999 _c1387025
_d1387025